| 000 | 00631nam a2200193 i 4500 | ||
|---|---|---|---|
| 001 | 66255 | ||
| 003 | ES-MaACL | ||
| 007 | t| | ||
| 008 | 040129s1961 ve ||||1| spa d | ||
| 100 | 1 |
_aGalbraith, John Kenneth. _953345 |
|
| 245 | 1 | 3 |
_aLa economía y el arte de la controversia / _cJohn Kenneth Galbraith ; [traducción por Carlos Grau Petit]. |
| 260 |
_aCaracas : _bAriel, _c[1961] |
||
| 300 |
_a134 p. ; _c19 cm. |
||
| 490 | 1 | _aBiblioteca de ciencia política | |
| 700 | 1 |
_aGrau Petit, Carlos. _959758 |
|
| 830 | 0 |
_aBiblioteca de ciencia política _9186995 |
|
| 852 |
_aES-MaACL _jE-6135 _bR.90388 |
||
| 999 |
_c66255 _d66255 |
||